Statistics for Every Hoenn Legendary and Mythical

Click here to take the quiz!

General Stats

  • This quiz has been taken 6 times
  • The average score is 9 of 10

Answer Stats

HintAnswer% Correct
383Groudon
100%
382Kyogre
100%
384Rayquaza
100%
378Regice
100%
377Regirock
100%
379Registeel
100%
380Latias
83%
381Latios
83%
386Deoxys
67%
385Jirachi
67%

Score Distribution

Percentile by Number Answered

Percent of People with Each Score

Your Score History

You have not taken this quiz